<?xml version="1.0" encoding="UTF-8"?>
<record
    xmlns:xsi="http://www.w3.org/2001/XMLSchema-instance"
    xsi:schemaLocation="http://www.loc.gov/MARC21/slim http://www.loc.gov/standards/marcxml/schema/MARC21slim.xsd"
    xmlns="http://www.loc.gov/MARC21/slim">

  <leader>01596nam a22002417a 4500</leader>
  <datafield tag="952" ind1=" " ind2=" ">
    <subfield code="0">0</subfield>
    <subfield code="1">0</subfield>
    <subfield code="2">lcc</subfield>
    <subfield code="4">0</subfield>
    <subfield code="7">0</subfield>
    <subfield code="a">09</subfield>
    <subfield code="b">09</subfield>
    <subfield code="d">2017-08-08</subfield>
    <subfield code="l">0</subfield>
    <subfield code="o">KGF5402 O775</subfield>
    <subfield code="p">09 004778</subfield>
    <subfield code="r">2017-08-08</subfield>
    <subfield code="t">1</subfield>
    <subfield code="w">2017-08-08</subfield>
    <subfield code="y">LB</subfield>
  </datafield>
  <datafield tag="952" ind1=" " ind2=" ">
    <subfield code="0">0</subfield>
    <subfield code="1">0</subfield>
    <subfield code="4">0</subfield>
    <subfield code="7">0</subfield>
    <subfield code="a">15</subfield>
    <subfield code="b">15</subfield>
    <subfield code="d">2018-04-30</subfield>
    <subfield code="l">0</subfield>
    <subfield code="o">345.7205 Or82e</subfield>
    <subfield code="p">15 008737</subfield>
    <subfield code="r">2018-04-30</subfield>
    <subfield code="t">1</subfield>
    <subfield code="w">2018-04-30</subfield>
    <subfield code="y">LB</subfield>
  </datafield>
  <datafield tag="999" ind1=" " ind2=" ">
    <subfield code="c">102419</subfield>
    <subfield code="d">102419</subfield>
  </datafield>
  <controlfield tag="008">161014s2016    mx a|||| |||| 00| 0 spa d</controlfield>
  <datafield tag="020" ind1=" " ind2=" ">
    <subfield code="a">9786076103845</subfield>
  </datafield>
  <datafield tag="050" ind1=" " ind2=" ">
    <subfield code="a">KGF5402</subfield>
    <subfield code="b">O775</subfield>
  </datafield>
  <datafield tag="082" ind1=" " ind2=" ">
    <subfield code="a">345.7205</subfield>
    <subfield code="b">Or82e</subfield>
  </datafield>
  <datafield tag="100" ind1="1" ind2=" ">
    <subfield code="a">Ort&#xED;z Ru&#xED;z, Jos&#xE9; Alberto </subfield>
    <subfield code="e">autor</subfield>
  </datafield>
  <datafield tag="245" ind1=" " ind2=" ">
    <subfield code="a">La etapa intermedia y la teor&#xED;a del caso</subfield>
    <subfield code="b">: en el contexto del C&#xF3;digo Nacional de Procedimiento Penales : el &#xE9;xito o el fracaso del Juicio Oral</subfield>
    <subfield code="c">/ Jos&#xE9; Alberto Ort&#xED;z Ru&#xED;z</subfield>
  </datafield>
  <datafield tag="260" ind1=" " ind2=" ">
    <subfield code="a">M&#xE9;xico</subfield>
    <subfield code="b">: Flores Editor y Distribuidor</subfield>
    <subfield code="c">, 2016</subfield>
  </datafield>
  <datafield tag="300" ind1=" " ind2=" ">
    <subfield code="a">xiv, 311 p&#xE1;ginas</subfield>
    <subfield code="b">: ilustraciones</subfield>
  </datafield>
  <datafield tag="500" ind1=" " ind2=" ">
    <subfield code="a">Incluye: Formulario</subfield>
  </datafield>
  <datafield tag="504" ind1=" " ind2=" ">
    <subfield code="a">Bibliograf&#xED;a (pp.309-311)</subfield>
  </datafield>
  <datafield tag="505" ind1=" " ind2=" ">
    <subfield code="a">Principios generales del sistema acusatorio en la etapa intermedia
&#xBF;Qu&#xE9; es la etapa intermedia y por qu&#xE9; es tan importante en el proceso penal acusatorio? 
Etapa intermedia, los medios de prueba y la teor&#xED;a del caso  
Planteamiento de la teor&#xED;a del caso en la etapa intermedia
Investigaci&#xF3;n del delito y teor&#xED;a del caso  
Teor&#xED;a del caso y las siete preguntas de oro  
La teor&#xED;a del delito y su relaci&#xF3;n la teor&#xED;a del caso  
T&#xE9;cnicas de entrevista para el desarrollo de la investigaci&#xF3;n de campo</subfield>
  </datafield>
  <datafield tag="519" ind1=" " ind2=" ">
    <subfield code="a">Plan Flexible / </subfield>
    <subfield code="b">Maestr&#xED;a en Juicios Orales / </subfield>
    <subfield code="c">La Investigaci&#xF3;n Formalizada y la Fase Intermedia (P02-3) / </subfield>
    <subfield code="d">(09 004778)</subfield>
  </datafield>
  <datafield tag="519" ind1=" " ind2=" ">
    <subfield code="a">Plan Flexible / </subfield>
    <subfield code="b">Maestr&#xED;a en Juicios Orales / </subfield>
    <subfield code="c">La Investigaci&#xF3;n Formalizada y la Fase Intermedia (P02-3) / </subfield>
    <subfield code="d">(15 008737)</subfield>
  </datafield>
  <datafield tag="650" ind1="1" ind2="4">
    <subfield code="a">DERECHO PENAL</subfield>
    <subfield code="z">M&#xC9;XICO</subfield>
  </datafield>
  <datafield tag="650" ind1="2" ind2="4">
    <subfield code="a">PROCEDIMIENTO PENAL</subfield>
    <subfield code="z">M&#xC9;XICO</subfield>
  </datafield>
  <datafield tag="650" ind1="2" ind2="4">
    <subfield code="a">JUICIOS ORALES</subfield>
    <subfield code="z">M&#xC9;XICO</subfield>
  </datafield>
  <datafield tag="942" ind1=" " ind2=" ">
    <subfield code="c">LB</subfield>
    <subfield code="2">lcc</subfield>
  </datafield>
</record>
